| 000 | 00670cam a22002171 4500 | ||
|---|---|---|---|
| 001 | ne 67001454 | ||
| 003 | DLC | ||
| 005 | 20260227111834.0 | ||
| 008 | 810713s1966 ua b 000 0 arar | ||
| 010 | _ane 67001454 | ||
| 035 | _a(OCoLC)7579200 | ||
| 040 |
_aDLC _cTU _dTU _dDLC |
||
| 050 | 0 | 0 |
_aDS232 _b.F3 |
| 100 | 1 | _aFaraj, Muḥammad. | |
| 245 | 1 | 3 |
_aal-Fatḥ al-ʻArabī lil-ʻIrāq wa-Fāris. _c[Taʻlīf] Muḥammad Faraj. Taqdīm Aḥmad Hasan al-Bāqūrī. |
| 260 |
_a[al-Qahirah] _bDar al-Fikr al-ʻArabī, _c1966. |
||
| 300 |
_a289 p. _c24 cm. |
||
| 504 | _aBibliography: p. [281]-282. | ||
| 651 | 0 |
_aIraq _xHistory _y634-1534. |
|
| 651 | 0 |
_aIran _xHistory. |
|
| 999 |
_c49751 _d49751 |
||